[Event "Pocos de Caldas op"]
[Site "Pocos de Caldas"]
[Date "2016.02.28"]
[Round "5"]
[White "Batista, Gerson Peres"]
[Black "Rothebarth, Ana Vitoria de Paul"]
[Result "1/2-1/2"]
[WhiteElo "2209"]
[BlackElo "2070"]
[PlyCount "165"]
[EventDate "2016.02.26"]
[EventType "swiss"]
[EventRounds "6"]
[EventCountry "BRA"]
[SourceTitle "CBM 171 Extra"]
[Source "ChessBase"]
[SourceDate "2016.04.26"]
[SourceVersion "1"]
[SourceVersionDate "2016.04.26"]
[SourceQuality "1"]

1. e4 e5 2. d4 exd4 3. Nf3 Nc6 4. Bc4 Nf6 5. 0-0 Nxe4 6. Re1 d5 7. Bxd5 Qxd5 8. Nc3 Qh5 9. Nxe4 Be6 10. Bg5 Bb4 11. c3 dxc3 12. bxc3 Be7 13. Bxe7 Nxe7 14. Qa4+ Nc6 15. Rab1 Qa5 16. Qxa5 Nxa5 17. Nc5 0-0-0 18. Nxe6 fxe6 19. Rxe6 Rd3 20. Re7 g6 21. Ng5 Rhd8 22. h4 Rxc3 23. Ne6 Rd6 24. Re1 b5 25. Rxh7 Rd2 26. Re5 Rc1+ 27. Kh2 Rxf2 28. Rxb5 Rxa2 29. Rg5 Nb3 30. Rxg6 Nd2 31. Rf7 Nf1+ 32. Kh3 Rc3+ 33. Rf3 Rxf3+ 34. gxf3 Rh2+ 35. Kg4 Kd7 36. Nc5+ Ke7 37. Re6+ Kf7 38. Rc6 Ne3+ 39. Kg3 Nf1+ 40. Kg4 Ne3+ 41. Kf4 Nd5+ 42. Ke5 Ne7 43. Rxc7 Rxh4 44. Rxa7 Rh5+ 45. Kd4 Rd5+ 46. Kc4 Rf5 47. Nd3 Kf6 48. Ra6+ Kg5 49. f4+ Kg4 50. Re6 Nc8 51. Kd4 Rb5 52. Ke4 Nb6 53. Rg6+ Kh5 54. Rg1 Nc4 55. Ne5 Nd6+ 56. Kd4 Kh4 57. Nf3+ Kh5 58. Ne5 Kh4 59. Nf3+ Kh5 60. Ne5 Kh4 61. Rg6 Nf5+ 62. Ke4 Ng3+ 63. Kf3 Rb3+ 64. Kg2 Rb2+ 65. Kf3 Rb3+ 66. Kf2 Ne4+ 67. Kg2 Rg3+ 68. Rxg3 Nxg3 69. Kf3 Nf5 70. Ke4 Ng3+ 71. Kf3 Nf5 72. Nd7 Kh5 73. Ke4 Ng3+ 74. Ke5 Kg6 75. Ke6 Kg7 76. Nf6 Kf8 77. Nd7+ Kg7 78. Ke5 Kf7 79. Nc5 Ne2 80. f5 Ng3 81. f6 Nh5 82. Ne4 Nxf6 83. Nxf6 1/2-1/2

[Event "Pocos de Caldas op"]
[Site "Pocos de Caldas"]
[Date "2016.02.27"]
[Round "3"]
[White "Batista, Gerson Peres"]
[Black "Lage, Pedro Ferreira"]
[Result "1-0"]
[WhiteElo "2209"]
[BlackElo "1822"]
[PlyCount "275"]
[EventDate "2016.02.26"]
[EventType "swiss"]
[EventRounds "6"]
[EventCountry "BRA"]
[SourceTitle "EXT 2017"]
[Source "ChessBase"]
[SourceDate "2016.10.25"]
[SourceVersion "1"]
[SourceVersionDate "2016.10.25"]
[SourceQuality "1"]

1. e4 e6 2. d4 d5 3. Nc3 Bb4 4. e5 c5 5. Bd2 cxd4 6. Nb5 Bc5 7. b4 Be7 8. Qg4 g6 9. Nf3 Nc6 10. a3 a6 11. Nbxd4 Qc7 12. Nxc6 Qxc6 13. Bd3 h5 14. Qd4 Nh6 15. Bxh6 Rxh6 16. 0-0 Bd7 17. Qe3 Rh8 18. Nd4 Qc7 19. Rac1 b5 20. c3 Kf8 21. f4 Kg7 22. g3 Qb7 23. Qe2 Qa7 24. Kg2 Qb6 25. h3 Rh7 26. Rc2 Qb7 27. Kh2 Rhh8 28. Rg1 Rh7 29. Rg2 Qb6 30. Qf2 Qb7 31. Qf1 Qb6 32. Qg1 Qb7 33. Qf1 Qb6 34. Qf2 Qb7 35. Rc1 Rc8 36. Qf1 Ra8 37. Qf3 Rc8 38. Qe2 Ra8 39. Rcg1 Qc7 40. Rc1 Qb6 41. Bb1 Rc8 42. Qd3 Rh6 43. Qe3 Qc7 44. Bd3 Qb7 45. Kg1 Rh7 46. Kf2 Rch8 47. Ke2 Bc8 48. Kd2 Qd7 49. Re1 Kf8 50. Kc2 Ke8 51. Kb2 Kd8 52. Qe2 Qb7 53. Ra1 Bd7 54. Rgg1 Kc7 55. Rgd1 Ra8 56. Rf1 Qc8 57. Rf2 Kb7 58. Qf3 Kb6 59. Qe3 Kb7 60. Nb3 Rh8 61. Na5+ Kc7 62. Rff1 Qb8 63. Nb3 Qb6 64. Nd4 Kb7 65. Rh1 Rh7 66. Rh2 Qd8 67. Rah1 Qh8 68. Qe2 Rh6 69. g4 hxg4 70. hxg4 Rxh2 71. Rxh2 Qg8 72. g5 Qg7 73. Rh3 Kb6 74. Qf2 Kb7 75. Nb3 Qg8 76. Na5+ Kc7 77. Bc2 Qg7 78. Qh2 Bf8 79. Bd3 Kb6 80. Qg1+ Kc7 81. Bc2 Be7 82. Qh2 Bf8 83. Rh7 Qg8 84. Rh8 Qg7 85. Qh7 Rc8 86. Qh2 Rb8 87. Rh3 Ra8 88. Nb3 Kb7 89. Bd3 Ra7 90. Rh7 Qg8 91. Rh8 Qg7 92. Qh7 Ra8 93. Na5+ Ka7 94. Qh2 Kb6 95. Rh3 Kc7 96. Nb3 Rc8 97. Qg1 Ra8 98. Qf1 Be7 99. Qf2 Qf8 100. Qe2 Kb6 101. Qf2+ Kc7 102. Rh7 Qg8 103. Rh2 Qf8 104. Bc2 Bc6 105. Nd4 Bd7 106. Qe2 Qg7 107. Rh1 Qf8 108. Bd3 Kb6 109. Bc2 Qg7 110. Nb3 Qf8 111. Qf2+ Kc7 112. Ra1 Be8 113. Na5 Bd7 114. a4 bxa4 115. Bxa4 Bxa4 116. Rxa4 Qb8 117. Nb3 Qb6 118. Qe2 Kb7 119. Ra1 Kc7 120. Kc2 Kb7 121. Rh1 Qd8 122. Qf2 Kc6 123. Nd4+ Kb7 124. Qe2 Qe8 125. Ra1 Qd7 126. Ra5 Bd8 127. Ra1 Be7 128. Kb3 Qe8 129. Qd3 Qd7 130. Ra5 Bd8 131. Ra2 Be7 132. Rh2 Qe8 133. Rh7 Qg8 134. Qh3 Bf8 135. Nxe6 Kb6 136. Rh8 Qxh8 137. Qxh8 fxe6 138. Qg8 1-0

[Event "American Continental 08th"]
[Site "Mar del Plata"]
[Date "2012.10.20"]
[Round "10"]
[White "Batista, Gerson Peres"]
[Black "Sanchez Sandoval, Gonzalo"]
[Result "1/2-1/2"]
[WhiteElo "2233"]
[BlackElo "2029"]
[PlyCount "55"]
[EventDate "2012.10.12"]
[EventType "swiss"]
[EventRounds "11"]
[EventCountry "ARG"]
[SourceTitle "EXT 2013"]
[Source "ChessBase"]
[SourceDate "2012.11.22"]
[SourceVersion "1"]
[SourceVersionDate "2012.11.22"]
[SourceQuality "1"]

1. e4 c5 2. Nf3 d6 3. Bb5+ Bd7 4. Bxd7+ Qxd7 5. 0-0 Nc6 6. Qe2 Nf6 7. Rd1 g5 8. c3 g4 9. Nh4 Bh6 10. Nf5 Bg5 11. d4 Bxc1 12. Rxc1 0-0-0 13. Na3 d5 14. Ng3 h5 15. e5 h4 16. exf6 hxg3 17. fxg3 exf6 18. Rf1 Rh6 19. Rf4 f5 20. Raf1 Ne7 21. dxc5 Rdh8 22. Nb5 Rxh2 23. Nd6+ Kb8 24. Rb4 b6 25. Nxf7 Rh1+ 26. Kf2 Rxf1+ 27. Kxf1 Rh1+ 28. Kf2 1/2-1/2